<?xml version="1.0" encoding="UTF-8"?>
<record
    xmlns:xsi="http://www.w3.org/2001/XMLSchema-instance"
    xsi:schemaLocation="http://www.loc.gov/MARC21/slim http://www.loc.gov/standards/marcxml/schema/MARC21slim.xsd"
    xmlns="http://www.loc.gov/MARC21/slim">

  <leader>00875nam a22002537a 4500</leader>
  <controlfield tag="001">6347</controlfield>
  <controlfield tag="003">FISKH</controlfield>
  <controlfield tag="005">20250423104152.0</controlfield>
  <controlfield tag="008">250423b        cb ||||| |||| 00| 0 eng d</controlfield>
  <datafield tag="020" ind1=" " ind2=" ">
    <subfield code="a">9781842367650</subfield>
  </datafield>
  <datafield tag="040" ind1=" " ind2=" ">
    <subfield code="a">FISKH</subfield>
    <subfield code="b">eng</subfield>
    <subfield code="c">FISKH</subfield>
    <subfield code="d">FISKH</subfield>
  </datafield>
  <datafield tag="050" ind1=" " ind2=" ">
    <subfield code="a">QP37 .P285</subfield>
  </datafield>
  <datafield tag="082" ind1=" " ind2=" ">
    <subfield code="a">612 </subfield>
  </datafield>
  <datafield tag="100" ind1=" " ind2=" ">
    <subfield code="a">Parker, Steve </subfield>
  </datafield>
  <datafield tag="245" ind1=" " ind2=" ">
    <subfield code="a">The human body : </subfield>
    <subfield code="b">Projects, quizzes, fun facts, cartoons /</subfield>
    <subfield code="c">Steve Parker ; Consultant : Dr. Kristina Routh MB Chb </subfield>
  </datafield>
  <datafield tag="260" ind1=" " ind2=" ">
    <subfield code="a">San Diego : </subfield>
    <subfield code="b">Miles Kelly Publishing, </subfield>
    <subfield code="c">2003. </subfield>
  </datafield>
  <datafield tag="300" ind1=" " ind2=" ">
    <subfield code="a">48 pages : </subfield>
    <subfield code="b">color illustrations ; </subfield>
    <subfield code="c">30 cm </subfield>
  </datafield>
  <datafield tag="490" ind1=" " ind2=" ">
    <subfield code="a">100 facts </subfield>
  </datafield>
  <datafield tag="520" ind1=" " ind2=" ">
    <subfield code="a">Provides one hundred facts about the systems of the human body, and includes illustrations, cartoons, and quizzes.</subfield>
  </datafield>
  <datafield tag="650" ind1=" " ind2=" ">
    <subfield code="a">Human Body</subfield>
    <subfield code="v">Balance Coordination</subfield>
  </datafield>
  <datafield tag="700" ind1=" " ind2=" ">
    <subfield code="a">Routh, Kristina </subfield>
    <subfield code="e">Consultor </subfield>
  </datafield>
  <datafield tag="942" ind1=" " ind2=" ">
    <subfield code="2">ddc</subfield>
    <subfield code="c">BK</subfield>
    <subfield code="n">0</subfield>
  </datafield>
  <datafield tag="999" ind1=" " ind2=" ">
    <subfield code="c">6347</subfield>
    <subfield code="d">6347</subfield>
  </datafield>
  <datafield tag="952" ind1=" " ind2=" ">
    <subfield code="0">0</subfield>
    <subfield code="1">0</subfield>
    <subfield code="2">ddc</subfield>
    <subfield code="4">0</subfield>
    <subfield code="7">0</subfield>
    <subfield code="8">NFIC</subfield>
    <subfield code="a">001</subfield>
    <subfield code="b">001</subfield>
    <subfield code="c">ATKSNF</subfield>
    <subfield code="d">2025-04-23</subfield>
    <subfield code="l">0</subfield>
    <subfield code="o">PAR 612 QP37 .P285</subfield>
    <subfield code="p">2025-1088</subfield>
    <subfield code="r">2025-04-23 10:40:25</subfield>
    <subfield code="t">1</subfield>
    <subfield code="w">2025-04-23</subfield>
    <subfield code="y">BK</subfield>
  </datafield>
</record>
